Руководство по применению стандарта ИСО 9001:2000 при разработке программного обеспечения: пер. с англ.

Xehetasun bibliografikoak
Hizkuntza:errusiera
Argitaratua: Москва, Стандарты и качество, 2002
Saila:Библиотека журнала "Стандарты и качество"
Дом качества Вып. 9 (18)
Gaiak:
Formatua: Liburua
KOHA link:https://koha.lib.tpu.ru/cgi-bin/koha/opac-detail.pl?biblionumber=47983

MARC

LEADER 00000nam0a2200000 4500
001 47983
005 20231031030835.0
010 |a 5901397134 
035 |a (RuTPU)RU\TPU\book\50174 
090 |a 47983 
100 |a 20030227d2002 m y0rusy50 ca 
101 1 |a rus  |c eng 
102 |a RU 
105 |a y j 001zy 
200 1 |a Руководство по применению стандарта ИСО 9001:2000 при разработке программного обеспечения  |e пер. с англ.  
210 |a Москва  |c Стандарты и качество  |d 2002 
215 |a 104 с. 
225 1 |a Библиотека журнала "Стандарты и качество" 
225 1 |a Дом качества  |v Вып. 9 (18) 
320 |a Библиогр.: с. 88-90 
512 1 |a Руководство по применению стандарта ИСО 9001:2000 при разработке программных средств 
610 1 |a информатика 
610 1 |a программные средства 
610 1 |a стандартизация 
610 1 |a стандарты 
610 1 |a ИСО 9001:2000 
610 1 |a практические руководства 
675 |a 681.3.01  |v 3 
675 |a 658.562  |v 3 
801 1 |a RU  |b 63413507  |c 20030227  |g PSBO 
801 2 |a RU  |b 63413507  |c 20030820  |g PSBO 
801 2 |a RU  |b 63413507  |c 20120329  |g PSBO 
942 |c BK